Most visited countries in 2018 - Statistics

General Stats
  • This quiz has been taken 36 times
  • The average score is 9 of 10
Answer Stats
Hint Answer % Correct
89 million France
100%
83 million Spain
97%
36 million Uk
97%
63 million China
93%
80 million Usa
93%
62 million Italy
90%
41 million Mexico
90%
39 million Germany
87%
38 million Thailand
73%
46 million Turkey
73%
No matching quizzes found
Score Distribution
Percent of People with Each Score
Percentile by Number Answered
Your Score History
You have not taken this quiz